| 000 | 00485nam a2200157Ia 4500 | ||
|---|---|---|---|
| 003 | OSt | ||
| 005 | 20200707103649.0 | ||
| 008 | 190216s9999||||xx |||||||||||||| ||und|| | ||
| 040 | _coclc | ||
| 082 |
_a973 _bWRI/D |
||
| 100 |
_aWright, Louis B _93587 |
||
| 245 | 4 |
_aThe Democratic Experience / _cLouis B Wright ; C L Ver Steeg ; Nye R B ; Link A S |
|
| 260 |
_bAllied Publications, _c1969. _aBombay: |
||
| 300 | _a535p | ||
| 942 |
_cBK _2ddc _h973 _iWRI/D _k973 _mWRI/D |
||
| 999 |
_c18877 _d18877 |
||